书目信息 |
| 题名: |
未来庭园
|
|
| 作者: | 盖伊·库珀 , 戈登·泰勒 编著 ;安晓露 译 | |
| 分册: | ||
| 出版信息: | 贵阳 贵州科技出版社 2002.12 |
|
| 页数: | 214页 | |
| 开本: | 30cm | |
| 丛书名: | ||
| 单 册: | ||
| 中图分类: | TU , TU986.5-64 | |
| 科图分类: | ||
| 主题词: | 园林--规划 , 公园--绿化规划 | |
| 电子资源: | ||
| ISBN: | 7-80662-182-2 | |
| 000 | 00761nam0 2200241 45 | |
| 001 | 0331394559 | |
| 005 | 2003032908431456 | |
| 010 | @a7-80662-182-2@dRMB 198.00 | |
| 100 | @a20030329d2002 km y0chiy0120 ea | |
| 101 | 0 | @achi |
| 102 | @aCN@b520000 | |
| 200 | 1 | @a未来庭园@Awei lai ting yuan@f(英)盖伊·库珀,戈登·泰勒编著@F(Ying)Gai Yi·Ku Po,Ge Deng·Tai Le Bian Zhu@g安晓露译@GAn Xiao Lu Yi |
| 210 | @a贵阳@c贵州科技出版社@d2002.12 | |
| 215 | @a214页@d30cm | |
| 606 | 0 | @a园林@x规划 |
| 606 | 0 | @a公园@x绿化规划 |
| 690 | @aTU@v3 | |
| 690 | @aTU986.5-64@v4 | |
| 701 | 0 | @a盖伊·库珀@AGai Yi·Ku Po@4编著 |
| 701 | 0 | @a戈登·泰勒@AGe Deng·Tai Le@4编著 |
| 702 | 0 | @a安晓露@AAn Xiao Lu@4译 |
| 801 | 0 | @aCN@bPFT@c20030329 |
| 905 | @a10447@dTU986.5-64@eG301 | |
| 未来庭园/(英)盖伊·库珀,戈登·泰勒编著/安晓露译.-贵阳:贵州科技出版社,2002.12 |
| 214页;30cm |
| ISBN 7-80662-182-2:RMB 198.00 |
| ● |
| 相关链接 |
|
|
|
正题名:未来庭园
索取号:TU986.5-64/G301
 
预约/预借
| 序号 | 登录号 | 条形码 | 馆藏地/架位号 | 状态 | 备注 |
| 1 | 367606 | 203676067 | 建筑与城市规划学院资料室/ [索取号:TU986.5-64/G301] | 在馆 |